Представление документа в формате MARC21

Поле Инд. ПП Название Значение
Тип записи a
Библиографический уровень b
001 Контрольный номер RU/IS/BASE/288957941
005 Дата корректировки 20220715140335.5
008 Кодируемые данные 20090226
040 b Код языка каталог. rus
e Правила каталог. PSBO
041 0_ a Код языка текста rus
084 a Индекс другой классификации/Индекс ББК 66.4(5Туц),03
100 1_ a Автор Семедов С. А.
q Полное имя Семедов Семед Абакаевич
245 10 a Заглавие Основные аспекты современной политики Турции на Кавказе
504 a Библиография Библиогр. ссылки. - Примеч.
650 14 a Основная рубрика внешняя политика
a Основная рубрика международные отношения
a Основная рубрика политика
653 1_ a Ключевые слова Азербайджан
a Ключевые слова Армения
a Ключевые слова армяно-турецкие отношения
a Ключевые слова внешнеполитическая доктрина
a Ключевые слова военное сотрудничество
a Ключевые слова геополитика
a Ключевые слова Грузия
a Ключевые слова Кавказ
a Ключевые слова российско-турецкие отношения
a Ключевые слова Россия
a Ключевые слова турецко-азербайджанские отношения
a Ключевые слова турецко-грузинские отношения
a Ключевые слова Турция
a Ключевые слова экономическое сотрудничество
773 08 t Заглавие источника Вестник Московского университета. Серия 18, Социология и политология
d Дата издания источника 2008
g Прочая информация № 2. - С. 39 - 52
w Контрольный № источника RU/IS/BASE/286474427
901 t Тип документа b